000 00525nam a2200181Ia 4500
005 20250423095940.0
008 250422s9999 xx 000 0 und d
020 _a9781789237122
050 _aTH 153 .L36/
100 _aEdited by Amjad Almusaed
245 0 _aLandscape Architecture: the sense of places, models and applications
260 _aLondon
260 _bIntechOpen
260 _c2018
300 _a344 p
650 _a Building. Building sites. Landscape construction. Landscape architecture.
942 _cBK
999 _c31826
_d31826